African Countries Border Blitz Quiz Stats

 Plays Quiz Updated Jul 2, 2018

Challenge
Share
Tweet
Embed
Score 0/54 Timer 01:00
0 Plays Today
% Correct
Libya
98.3%
Sudan
97.3%
Algeria
96.3%
Niger
95.9%
Chad
94.9%
Mali
94.6%
Central African Republic
94.2%
South Africa
93.9%
Mozambique
93.7%
South Sudan
93.5%
Namibia
93.1%
Zimbabwe
92.9%
Botswana
92.8%
Burkina Faso
91.9%
Tanzania
91.7%
Democratic Republic of the Congo
90.9%
Zambia
90.3%
Ethiopia
89.9%
Cameroon
89.6%
Egypt
89.3%
Uganda
88.6%
Republic of the Congo
88.5%
Nigeria
87.7%
eSwatini
87.2%
Lesotho
86.9%
Kenya
85.9%
Angola
84.9%
% Correct
Cote d'Ivoire
84.8%
Guinea
83.4%
Mauritania
82.5%
Rwanda
80.6%
Benin
80.4%
Senegal
79.5%
Somalia
79.3%
Eritrea
77.1%
Burundi
76.6%
Tunisia
75%
Morocco
71%
Djibouti
69.9%
Ghana
68.7%
Togo
68.5%
Malawi
63.4%
Liberia
63.4%
Gabon
60.7%
Guinea-Bissau
57.2%
Madagascar
57%
Sierra Leone
56.5%
Equatorial Guinea
52.3%
The Gambia
51.4%
Comoros
41.3%
Seychelles
40.9%
Cabo Verde
40.4%
Mauritius
37%
São Tomé and Príncipe
34.4%

You're not logged in!

Compare scores with friends on all Sporcle quizzes.
OR
Log In

You Might Also Like...

Show Comments

Extras

Top Quizzes Today


Score Distribution

Your Account Isn't Verified!

In order to create a playlist on Sporcle, you need to verify the email address you used during registration. Go to your Sporcle Settings to finish the process.

Report this User

Report this user for behavior that violates our Community Guidelines.

Details: